Stemmi Squadre di calcio - La Liga - Quiz n°2 - Statistics

Statistiche generali
  • Questo quiz è stato fatto 378 volte
  • Il punteggio medio è 9 su 10
Statistiche sulle risposte
con Immagini Risposta % Corretto
Levante Unión Deportiva
99%
Málaga Club de Fútbol
99%
Real Madrid Club de Fútbol
99%
Reial Club Deportiu Espanyol de Barcelona
99%
Real Sociedad de Fútbol
95%
Girona Futbol Club
94%
Real Club Celta de Vigo
90%
Rayo Vallecano de Madrid
87%
Granada Club de Fútbol
86%
Real Racing Club de Santander
66%
Nessun quiz corrispondente trovato
Distribuzione punteggi
Percentuale di utenti per punteggio
Percentile per numero di risposta
I tuoi punteggi nel tempo
Non hai fatto questo quiz